| 000 | 01006nam a22002657a 4500 | ||
|---|---|---|---|
| 001 | 7325 | ||
| 003 | FISKH | ||
| 005 | 20250821145915.0 | ||
| 008 | 250709b cb ||||| |||| 00| 0 eng d | ||
| 020 | _a9781842399897 | ||
| 040 |
_aFISKH _beng _cFISKH _dFISKH |
||
| 050 | _aPZ7 | ||
| 082 | _a813 | ||
| 100 | _aAnonymous | ||
| 245 | _aThe little book of nursery rhymes / | ||
| 260 |
_aLondon : _bAligator Books, _c2007. |
||
| 300 |
_a63 pages : _bcolor illustrations ; _c18 cm |
||
| 505 | _aE | ||
| 520 | _aA charming collection of familiar nursery rhymes and songs, this little volume supports early literacy and language development. With rhythmic text and simple phonics patterns, it introduces young children to classic verse and playful sound patterns—ideal for shared reading and memorization. | ||
| 521 | 8 |
_a200
_bLexile estimate |
|
| 521 | 8 |
_aE
_bRaz-Plus |
|
| 650 |
_aTraditional Verse _vShared Reading _xPhonics _yEarly Reader |
||
| 942 |
_2ddc _cBK _n0 |
||
| 999 |
_c7325 _d7325 |
||